Normal view
MARC view
- Vinz Roiss J. Almonte
Entry Personal Name
001 - CONTROL NUMBER
- control field: 5305
003 - CONTROL NUMBER IDENTIFIER
- control field: URS
005 - DATE AND TIME OF LATEST TRANSACTION
- control field: 20230706142841.0
008 - FIXED-LENGTH DATA ELEMENTS
- fixed length control field: 230706|| aca||aabn | a|a d
040 ## - CATALOGING SOURCE
- Original cataloging agency: URS
100 ## - HEADING--PERSONAL NAME
- Personal name: Vinz Roiss J. Almonte
- Relator term: Author